La memoria di Ambrogio di Milano: usi politici di una autorità patristica in Italia, secc. V - XVIII

Saved in:  
Bibliographic Details
Contributors: Boucheron, Patrick 1965- (Editor) ; Gioanni, Stéphane 1971- (Other)
Format: Print Book
Language:Italian
French
Subito Delivery Service: Order now.
Check availability: HBZ Gateway
WorldCat: WorldCat
Interlibrary Loan:Interlibrary Loan for the Fachinformationsdienste (Specialized Information Services in Germany)
Published: Roma École Française de Rome 2015
Paris [u.a.] Publications de la Sorbonne [u.a.] 2015
In: Collection de l'École française de Rome (503)
Year: 2015
Series/Journal:Collection de l'École Française de Rome 503
[Publications de la Sorbonne] Histoire ancienne et médiévale 133
Série du LAMOP 2
Standardized Subjects / Keyword chains:B Ambrose Saint, Bishop of Milan 339-397 / Southern Italy (motif) / Reception / History 500-1800
B Ambrose Saint, Bishop of Milan 339-397 / Southern Italy (motif) / Collective memory / Functional authority / History 400-1750
Further subjects:B Collection of essays
B Christian hagiography History Congresses
B History 400-1800
B Memory
B Christianity and politics (Italy) History Congresses
B Reception
B Conference program 2011 (Vatican Palace)
B Ambrose Saint, Bishop of Milan (-397) Species Congresses
B Kongreß
B Saints
B Southern Italy (motif)
B Politics
B Ambrose Saint, Bishop of Milan (-397) Congresses
B Ambroise, 0340?-0397
B Ambrosius <Mediolanensis>

MARC

LEADER 00000cam a2200000 c 4500
001 826338844
003 DE-627
005 20251224195643.0
007 tu
008 150601s2015 fr ||||| 00| ||ita c
020 |a 9782728311316  |c (École Française de Rome)  |9 978-2-7283-1131-6 
020 |a 9782859448851  |c (Publ. de la Sorbonne)  |9 978-2-85944-885-1 
024 3 |a 9782728311316 
035 |a (DE-627)826338844 
035 |a (DE-576)44183003X 
035 |a (DE-599)GBV826338844 
035 |a (OCoLC)911974121 
035 |a (ZDB-21-EIL)3041664 
035 |a (ZDB-21-EIL)3041351 
035 |a (ZDB-21-EIL)3046453 
040 |a DE-627  |b ger  |c DE-627  |e rakwb 
041 |a ita  |a fre 
044 |c XA-FR  |c XA-IT 
050 0 |a BR1720.A5 
050 0 |a BX 
050 0 |a D 
082 0 |a 306  |2 14 
082 0 |a 270  |2 14 
082 0 |a 940  |2 14 
084 |a 1  |2 ssgn 
084 |a 8,2  |2 ssgn 
084 |a 220  |2 udc 
084 |a 11.50  |2 bkl 
245 0 3 |a La memoria di Ambrogio di Milano  |b usi politici di una autorità patristica in Italia, secc. V - XVIII  |c a cura di Patrick Boucheron e Stéphane Gioanni 
264 1 |a Roma  |b École Française de Rome  |c 2015 
264 1 |a Paris [u.a.]  |b Publications de la Sorbonne [u.a.]  |c 2015 
300 |a 631 S.  |b illustrations (some color)  |c 24 cm 
336 |a Text  |b txt  |2 rdacontent 
337 |a ohne Hilfsmittel zu benutzen  |b n  |2 rdamedia 
338 |a Band  |b nc  |2 rdacarrier 
490 1 |a Collection de l'École Française de Rome  |v 503 
490 1 |a [Publications de la Sorbonne]  |a Histoire ancienne et médiévale  |v 133 
490 1 |a Série du LAMOP  |v 2 
500 |a Collected essays. - Text in Italian and French 
546 |a Text franz. und ital. 
600 1 0 |a Ambrose  |c Saint, Bishop of Milan  |d -397  |v Congresses 
600 1 0 |a Ambrose  |c Saint, Bishop of Milan  |d -397  |x Art  |v Congresses 
600 1 4 |a Ambroise, 0340?-0397 
601 |a Patristik 
650 0 |a Christianity and politics  |z Italy  |x History  |v Congresses 
650 0 |a Christian hagiography  |x History  |v Congresses 
650 4 |a Geschichte 400-1800  |7 (dpeaa)DE-2491 
650 4 |a Kongreß  |7 (dpeaa)DE-2491 
650 4 |a Italien  |7 (dpeaa)DE-2491 
650 4 |a Ambrosius <Mediolanensis>  |7 (dpeaa)DE-2491 
650 4 |a Heiligenverehrung  |7 (dpeaa)DE-2491 
650 4 |a Erinnerung  |7 (dpeaa)DE-2491 
650 4 |a Rezeption  |7 (dpeaa)DE-2491 
650 4 |a Politik  |7 (dpeaa)DE-2491 
655 7 |a Konferenzschrift  |y 2011  |z Rom  |0 (DE-588)1071861417  |0 (DE-627)826484824  |0 (DE-576)433375485  |2 gnd-content 
655 7 |a Aufsatzsammlung  |0 (DE-588)4143413-4  |0 (DE-627)105605727  |0 (DE-576)209726091  |2 gnd-content 
689 0 0 |d p  |0 (DE-588)11850245X  |0 (DE-627)141905042  |0 (DE-576)160068495  |2 gnd  |a Ambrosius  |c Mediolanensis, Heiliger  |d 339-397 
689 0 1 |d g  |0 (DE-588)4027833-5  |0 (DE-627)106283235  |0 (DE-576)208972501  |2 gnd  |a Italien 
689 0 2 |d s  |0 (DE-588)4049716-1  |0 (DE-627)104675152  |0 (DE-576)209083182  |2 gnd  |a Rezeption 
689 0 3 |q z  |2 gnd  |a Geschichte 500-1800 
689 0 |5 (DE-627) 
689 1 0 |d p  |0 (DE-588)11850245X  |0 (DE-627)141905042  |0 (DE-576)160068495  |2 gnd  |a Ambrosius  |c Mediolanensis, Heiliger  |d 339-397 
689 1 1 |d g  |0 (DE-588)4027833-5  |0 (DE-627)106283235  |0 (DE-576)208972501  |2 gnd  |a Italien 
689 1 2 |d s  |0 (DE-588)4200793-8  |0 (DE-627)105170925  |0 (DE-576)210137975  |2 gnd  |a Kollektives Gedächtnis 
689 1 3 |d s  |0 (DE-588)4155669-0  |0 (DE-627)105514098  |0 (DE-576)209820934  |2 gnd  |a Funktionale Autorität 
689 1 4 |q z  |2 gnd  |a Geschichte 400-1750 
689 1 |5 (DE-627) 
700 1 |e Hrsg.  |0 (DE-588)136520758  |0 (DE-627)584088388  |0 (DE-576)17851554X  |4 edt  |a Boucheron, Patrick  |d 1965- 
700 1 |0 (DE-588)1116036843  |0 (DE-627)87013874X  |0 (DE-576)255114621  |4 oth  |a Gioanni, Stéphane  |d 1971- 
810 2 |a École française de Rome  |t Collection de l'École française de Rome  |v 503  |9 503  |w (DE-627)129415944  |w (DE-576)014793989  |w (DE-600)189374-9  |x 0223-5099  |7 am 
810 2 |a Université Paris-Sorbonne  |t Publications de la Sorbonne / Histoire ancienne et médiévale  |v 133  |9 133  |w (DE-627)130331570  |w (DE-576)008881944  |w (DE-600)591668-9  |x 0290-4500  |7 am 
810 2 |a Laboratoire de Médiévistique Occidentale de Paris  |t Série du LAMOP  |v 2  |9 2  |w (DE-627)749898399  |w (DE-576)384594956  |w (DE-600)2721431-X  |7 am 
889 |w (DE-576)511392516 
889 |w (DE-627)828113475 
935 |a mteo  |a mteo 
935 |i mdedup 
935 |i Blocktest 
936 b k |a 11.50  |j Kirchengeschichte  |j Dogmengeschichte  |0 (DE-627)106403877 
951 |a BO 
ACO |a 1 
ELC |b 1 
LOK |0 000 xxxxxcx a22 zn 4500 
LOK |0 001 3194036416 
LOK |0 003 DE-627 
LOK |0 004 826338844 
LOK |0 005 20190214231322 
LOK |0 008 170321||||||||||||||||ger||||||| 
LOK |0 040   |a DE-Tue135  |c DE-627  |d DE-Tue135 
LOK |0 092   |o n 
LOK |0 852   |a DE-Tue135 
LOK |0 852 1  |9 00 
LOK |0 935   |a ixbt 
LOK |0 939   |a 21-03-17  |b l01 
ORI |a SA-MARC-ixtheoa001.raw 
REL |a 1 
SPR |a 1  |t IXT 
STA 0 0 |a Collective memory,Collective remembrance,Collective memory,Collective memory and literature,Functional authority,Memory,Memory,Recollection,Politics,Politics and government,Politics, Practical,Politics in art,Reception,Reception,Impact,Afterlife,Saints,Saints,Veneration of saints,Southern Italy (motif),Italy,Italy,Italy,Italy,Lower Italy,Mezzogiorno,Southern Italy,Northwestern Italy 
STB 0 0 |a Autorité fonctionnelle,Culte des saints,Dulie,Dulie,Mémoire collective,Mémoire collective,Mémoire,Mémoire,Politique,Politique,Pratiques politiques,Réception <scientifique>,Réception <scientifique>,Influence intellectuelle,Influence intellectuelle,Influence intellectuelle (motif),Influence intellectuelle,Sud de l'Italie (motif),Italie 
STC 0 0 |a Autoridad funcional,Culto a los santos,Italia,Memoria colectiva,Memoria colectiva,Memoria,Memoria,Recuerdo,Recuerdo,Recuerdo (Motivo),Recuerdo,Política,Política,Recepción,Recepción 
STD 0 0 |a Autorità funzionale,Italia,Memoria collettiva,Memoria collettiva,Politica,Politica,Ricezione,Ricezione,Ricordo,Ricordo,Venerazione dei santi 
STE 0 0 |a 回忆,回忆,记性,记忆,记性,记忆,接受,接收,政治,政治,敬奉,敬礼,集体回忆,集体记忆 
STF 0 0 |a 回憶,回憶,記性,記憶,記性,記憶,接受,接收,政治,政治,敬奉,敬禮,集體回憶,集體記憶 
STG 0 0 |a Autoridade funcional,Culto aos santos,Itália,Memória coletiva,Memória coletiva,Memória,Memória,Recordação,Recordação,Recordação (Motivo),Recordação,Política,Política,Recepção,Recepção 
STH 0 0 |a Воспоминание (мотив),Воспоминание,Восприятие (мотив),Восприятие,Италия (мотив),Коллективная память (мотив),Коллективная память,Поклонение святым,Политика (мотив),Политика,Функциональный авторитет 
STI 0 0 |a Ανάμνηση (μοτίβο),Ανάμνηση,Αποδοχή (μοτίβο),Αποδοχή,Ιταλία (μοτίβο),Λατρεία των αγίων,Λειτουργική αρχή,Πολιτική (μοτίβο),Πολιτική,Συλλογική μνήμη (μοτίβο),Συλλογική μνήμη 
SUB |a REL 
SYE 0 0 |a Italy , Italia,Königreich Italien,Repubblica Italiana,Italiya Respublikasi,Italijos Respublika,Olaszorszaǵ,Olasz Koz̈taŕsasaǵ,Regno d'Italia,Italienische Republik,République Italienne,Yidali-gongheguo,Italy , Hagiodulie,Heiligenkult,Heiliger , Erinnern,Erinnern,Erinnern , Fortwirken,Nachwirkung,Nachleben,Wirkungsgeschichte,Aneignung , Staatspolitik,Politische Lage,Politische Entwicklung,Politics,Public policy,Staatspolitik,Politische Lage,Politische Entwicklung,Politische Situation 
SYG 0 0 |a Ambrosius,Mailand, Bischof, Heiliger,339-397,Ambrosius,Mediolanensis,339-397,Ambrogio,di Milano,339-397,Ambrogio,Santo,339-397,Ambroise,Saint,339-397,Ambrose,Saint,339-397,Ambrosius,Bischof,339-397,Ambrosius,Christian Writer,339-397,Ambrosius,Episcopus Mediolanensis,339-397,Ambrosius,Episcopus,339-397,Ambrosius,Kirchenvater,339-397,Ambrosius,of Milan,339-397,Ambrosius,Saint,339-397,Ambrosius,Sanctus,339-397,Ambrosius,Scriptor Ecclesiasticus,339-397,Ambrosius,Mediolanensis, Episcopus,339-397,Ambrosio,de Milán,339-397,Ambrosius,von Mailand,339-397,Ambrosius von Mailand,339-397,Amvrosij,Mediolanskij,339-397,Ambrosij,Mediolanski,339-397,Pseudo-Ambrosius,339-397,Saint'Ambrogio,339-397,Saint Ambrose,339-397,Ambroźy,Świe̜ty,339-397,Ambroise,de Milan,339-397,Ambrosiaster,339-397 , Italy , Italia,Königreich Italien,Repubblica Italiana,Italiya Respublikasi,Italijos Respublika,Olaszorszaǵ,Olasz Koz̈taŕsasaǵ,Regno d'Italia,Italienische Republik,République Italienne,Yidali-gongheguo,Italy , Fortwirken,Nachwirkung,Nachleben,Wirkungsgeschichte,Aneignung , Ambrosius,Mailand, Bischof, Heiliger,339-397,Ambrosius,Mediolanensis,339-397,Ambrogio,di Milano,339-397,Ambrogio,Santo,339-397,Ambroise,Saint,339-397,Ambrose,Saint,339-397,Ambrosius,Bischof,339-397,Ambrosius,Christian Writer,339-397,Ambrosius,Episcopus Mediolanensis,339-397,Ambrosius,Episcopus,339-397,Ambrosius,Kirchenvater,339-397,Ambrosius,of Milan,339-397,Ambrosius,Saint,339-397,Ambrosius,Sanctus,339-397,Ambrosius,Scriptor Ecclesiasticus,339-397,Ambrosius,Mediolanensis, Episcopus,339-397,Ambrosio,de Milán,339-397,Ambrosius,von Mailand,339-397,Ambrosius von Mailand,339-397,Amvrosij,Mediolanskij,339-397,Ambrosij,Mediolanski,339-397,Pseudo-Ambrosius,339-397,Saint'Ambrogio,339-397,Saint Ambrose,339-397,Ambroźy,Świe̜ty,339-397,Ambroise,de Milan,339-397,Ambrosiaster,339-397 , Italy , Italia,Königreich Italien,Repubblica Italiana,Italiya Respublikasi,Italijos Respublika,Olaszorszaǵ,Olasz Koz̈taŕsasaǵ,Regno d'Italia,Italienische Republik,République Italienne,Yidali-gongheguo,Italy , Kollektive Erinnerung,Kulturelles Gedächtnis,Erinnerungskultur,Gedächtniskultur,Kollektive Erinnerung,Kulturelles Gedächtnis,Kollektive Erinnerung,Kulturelles Gedächtnis,Erinnerungskultur,Gedächtniskultur,Memorialkultur,Gedenkkultur , Sachautorität,Fachautorität,Expertenautorität 
TIM |a 100005000101_100018001231  |b Geschichte 500-1800